[Event "4NCL/2001-02/D3/PP2-BRI2"]
[Site "Rd09-Birmingham"]
[Date "2002.05.04"]
[Round "9.5"]
[White "Retallick, Lloyd"]
[Black "Curtis, John"]
[Result "0-1"]
[WhiteElo "1992"]
[BlackElo "2118"]
[PlyCount "120"]
[EventDate "2002.05.04"]
[EventType "team-match"]
[EventCountry "ENG"]
[SourceTitle "BritBase"]
[Source "John Saunders"]
[SourceDate "2024.10.24"]
[SourceVersion "1"]
[SourceVersionDate "2024.10.24"]
[SourceQuality "1"]
[WhiteTeam "Poisoned Pawns 2"]
[BlackTeam "Bristol 2"]
[WhiteTeamCountry "ENG"]
[BlackTeamCountry "ENG"]

1. d4 Nf6 2. c4 c5 3. d5 e5 4. Nc3 d6 5. e4 Be7 6. Bd3 O-O 7. Nge2 Nh5 8. h3 Bg5 9. g4 Nf4 10. Nxf4 Bxf4 11. Ne2 Bxc1 12. Qxc1 {=} Qh4 13. Ng3 g6 14. Qe3 a6 15. a3 Nd7 16. O-O-O Rb8 17. Rdg1 b5 18. Rg2 Kh8 19. g5 f6 20. gxf6 Nxf6 21. Nf1 Nh5 22. Nd2 Nf4 23. Rgh2 Bd7 24. Be2 Nxe2+ 25. Qxe2 Rf4 26. f3 Rbf8 27. Qe1 Qxe1+ 28. Rxe1 R8f6 29. h4 bxc4 30. Rg1 h6 31. Kc2 Kg7 32. Rg3 Bb5 33. Kc3 Rf8 34. Rhg2 R8f6 35. Rh2 Kh7 36. Rh1 Rf7 37. Rhg1 R7f6 38. Rg4 h5 39. Rxf4 Rxf4 40. Rh1 Kh6 41. Rh3 g5 42. hxg5+ Kxg5 43. Rg3+ Kh6 {=} 44. Nxc4 Rf6 45. Ne3 Bd7 46. Ng2 Rg6 47. Rxg6+ Kxg6 48. b4 cxb4+ 49. Kxb4 Kg5 50. Ka5 h4 51. Nxh4 Kxh4 52. Kb6 Kg5 53. Kc7 Bb5 54. Kxd6 Kf6 55. Kc5 {=} Ke7 56. f4 exf4 57. Kd4 Bd7 58. e5 Bf5 59. Kc3 Be4 60. Kd4 Bxd5 0-1

[Event "4NCL/2001-02/D3/PP2-BRI2"]
[Site "Rd09-Birmingham"]
[Date "2002.05.04"]
[Round "9.6"]
[White "Frost, Nicholas A"]
[Black "James, Stephen B"]
[Result "1-0"]
[WhiteElo "2113"]
[BlackElo "1904"]
[PlyCount "75"]
[EventDate "2002.05.04"]
[EventType "team-match"]
[EventCountry "ENG"]
[SourceTitle "BritBase"]
[Source "John Saunders"]
[SourceDate "2024.10.24"]
[SourceVersion "1"]
[SourceVersionDate "2024.10.24"]
[SourceQuality "1"]
[WhiteTeam "Bristol 2"]
[BlackTeam "Poisoned Pawns 2"]
[WhiteTeamCountry "ENG"]
[BlackTeamCountry "ENG"]

1. e4 e5 2. Nf3 Nc6 3. d4 exd4 4. Nxd4 Nf6 5. Nxc6 bxc6 6. e5 Qe7 7. Qe2 Nd5 8. c4 Nb6 9. b3 a5 10. Bb2 Qe6 11. Nd2 a4 12. g3 Bb4 13. Bg2 a3 14. Bd4 Rb8 15. Rd1 O-O 16. O-O d5 17. f4 Ba6 18. f5 Qd7 19. f6 g6 20. Qe3 Rfe8 21. c5 Kh8 22. Qh6 Rg8 23. Bh3 Qd8 24. Rf4 Qf8 25. Qxf8 Rgxf8 26. cxb6 cxb6 27. Bf1 Bc8 28. Nf3 c5 29. Be3 d4 30. Bc1 h6 31. Rh4 h5 32. h3 Bb7 33. Ng5 Kg8 34. Bc4 Bc6 35. e6 fxe6 36. Bxe6+ Kh8 37. Bf4 Rbe8 38. Be5 1-0

[Event "4NCL/2001-02/D3/PP2-BRI2"]
[Site "Rd09-Birmingham"]
[Date "2002.05.04"]
[Round "9.7"]
[White "Quintana, Marcos I"]
[Black "Egginton, David C"]
[Result "1-0"]
[WhiteElo "1850"]
[BlackElo "1856"]
[PlyCount "89"]
[EventDate "2002.05.04"]
[EventType "team-match"]
[EventCountry "ENG"]
[SourceTitle "BritBase"]
[Source "John Saunders"]
[SourceDate "2024.10.24"]
[SourceVersion "1"]
[SourceVersionDate "2024.10.24"]
[SourceQuality "1"]
[WhiteTeam "Poisoned Pawns 2"]
[BlackTeam "Bristol 2"]
[WhiteTeamCountry "ENG"]
[BlackTeamCountry "ENG"]

1. e4 c6 2. d4 d5 3. Nc3 dxe4 4. Nxe4 Nd7 5. Bc4 Ngf6 6. Ng5 e6 7. N1f3 h6 8. Nh3 Bd6 9. Qe2 Nd5 10. Ne5 Qf6 11. f4 Qh4+ 12. Qf2 Qxf2+ 13. Nxf2 Bb4+ 14. c3 Ba5 15. O-O O-O 16. Ne4 Bc7 17. Rf3 N7f6 18. Nc5 a5 19. Bd2 b6 20. Ncd3 Bb7 21. f5 Ne4 22. Rd1 exf5 23. Bxd5 cxd5 24. Rxf5 Nxd2 25. Rxd2 f6 26. Ng6 Rfe8 27. Ndf4 Rad8 28. h4 Re4 29. Kf2 Kf7 30. h5 Rd7 31. Kf3 Re1 32. Kf2 Re4 33. Kf3 Re1 34. g4 Rd8 35. a3 Rd7 36. Nd3 Re4 37. Nde5+ Ke8 38. Nxd7 Kxd7 39. Nf4 Kd6 40. Nxd5 Bxd5 41. Rxd5+ Kxd5 42. c4+ Kxc4 43. Kxe4 Bd6 44. Rc2+ Kb5 45. Kd5 1-0

[Event "4NCL/2001-02/D3/SCS-SWD2"]
[Site "Rd09-Birmingham"]
[Date "2002.05.04"]
[Round "9.1"]
[White "Clark, Stephen P"]
[Black "Saunders, John C"]
[Result "1/2-1/2"]
[WhiteElo "2095"]
[BlackElo "2200"]
[PlyCount "125"]
[EventDate "2002.05.04"]
[EventType "team-match"]
[EventCountry "ENG"]
[SourceTitle "BritBase"]
[Source "John Saunders"]
[SourceDate "2024.10.24"]
[SourceVersion "1"]
[SourceVersionDate "2024.10.24"]
[SourceQuality "1"]
[WhiteTeam "Southern Counties Stars"]
[BlackTeam "South Wales Dragons 2"]
[WhiteTeamCountry "ENG"]
[BlackTeamCountry "WLS"]

1. d4 Nf6 2. Bf4 g6 3. e3 Bg7 4. h3 O-O 5. Nf3 c5 6. Nbd2 cxd4 7. exd4 Nc6 8. c3 d6 9. Be2 Re8 10. Nc4 Nd5 11. Bg3 Bh6 12. O-O Nf4 13. Re1 Bd7 14. a4 a6 15. d5 Na5 16. Ne3 b5 17. axb5 axb5 18. b4 Nb7 19. Rxa8 Qxa8 20. Ng4 Nxe2+ 21. Qxe2 Bg7 22. Qe3 Qc8 23. Nd4 Qc4 24. Qf3 Bxg4 25. hxg4 Bxd4 26. cxd4 Qxd4 27. Bh4 Qxb4 28. Re4 Qb1+ 29. Kh2 Nc5 30. Rxe7 Rxe7 31. Bxe7 Qe4 32. Bxd6 Qxf3 33. gxf3 Nd7 34. Be7 f6 35. Kg3 Kf7 36. Ba3 Nb6 37. Kf4 Nxd5+ 38. Ke4 b4 39. Bc1 Nc3+ 40. Kd3 Nd1 41. Kc4 h5 42. gxh5 gxh5 43. Kxb4 Kg6 44. Kc4 Nxf2 45. Kd4 Kf5 46. Ke3 Nh3 47. Ba3 Nf4 48. Bd6 Ng6 49. Bh2 Kg5 50. Bg3 f5 51. Kf2 Nf4 52. Bh2 Nd5 53. Bg3 f4 54. Bh2 Kf5 55. Kg2 Ne7 56. Kh3 Ng6 57. Kg2 Ke5 58. Bg1 Nh4+ 59. Kf2 Kd4 60. Ke2+ Kc3 61. Bh2 Ng6 62. Bg1 h4 63. Bh2 1/2-1/2

[Event "4NCL/2001-02/D3/SCS-SWD2"]
[Site "Rd09-Birmingham"]
[Date "2002.05.04"]
[Round "9.2"]
[White "Spice, Alan P"]
[Black "Habibi, Amir"]
[Result "1/2-1/2"]
[WhiteElo "2201"]
[BlackElo "2042"]
[PlyCount "83"]
[EventDate "2002.05.04"]
[EventType "team-match"]
[EventCountry "ENG"]
[SourceTitle "BritBase"]
[Source "John Saunders"]
[SourceDate "2024.10.24"]
[SourceVersion "1"]
[SourceVersionDate "2024.10.24"]
[SourceQuality "1"]
[WhiteTeam "South Wales Dragons 2"]
[BlackTeam "Southern Counties Stars"]
[WhiteTeamCountry "WLS"]
[BlackTeamCountry "ENG"]

1. Nc3 e6 2. f4 d5 3. g3 Nf6 4. d3 Bc5 5. e4 dxe4 6. Nxe4 Nxe4 7. dxe4 Qxd1+ 8. Kxd1 Bd7 9. Ne2 Bc6 10. Nc3 Nd7 11. Bb5 Bxb5 12. Nxb5 O-O-O 13. Ke2 e5 14. f5 g6 15. Rf1 Bd4 16. c3 Bb6 17. b4 a6 18. Na3 h6 19. fxg6 fxg6 20. Nc4 g5 21. Be3 Bxe3 22. Kxe3 Rhf8 23. a4 Rde8 24. Rf5 Rxf5 25. exf5 Nf6 26. h3 h5 27. Rd1 Re7 28. Ke2 b6 29. Rd3 Kb7 30. Nd2 e4 31. Rd8 Kc6 32. c4 e3 33. Nf1 g4 34. h4 Ne4 35. Rd3 Nd6 36. Rxe3 Rf7 37. Nd2 Nxf5 38. Rd3 Re7+ 39. Kf2 Rf7 40. Kg2 Re7 41. b5+ Kb7 42. Kf2 1/2-1/2

[Event "4NCL/2001-02/D3/SCS-SWD2"]
[Site "Rd09-Birmingham"]
[Date "2002.05.04"]
[Round "9.3"]
[White "Lutton, J Ezra"]
[Black "Trevelyan, John"]
[Result "0-1"]
[WhiteElo "2090"]
[BlackElo "2178"]
[PlyCount "70"]
[EventDate "2002.05.04"]
[EventType "team-match"]
[EventCountry "ENG"]
[SourceTitle "BritBase"]
[Source "John Saunders"]
[SourceDate "2024.10.24"]
[SourceVersion "1"]
[SourceVersionDate "2024.10.24"]
[SourceQuality "1"]
[WhiteTeam "Southern Counties Stars"]
[BlackTeam "South Wales Dragons 2"]
[WhiteTeamCountry "ENG"]
[BlackTeamCountry "WLS"]

1. Nc3 e5 2. e4 Nf6 3. Bc4 Bc5 4. d3 c6 5. Bg5 h6 6. Bxf6 Qxf6 7. Qf3 Qxf3 8. Nxf3 d6 9. Nh4 Nd7 10. f4 exf4 11. Rf1 Ne5 12. Bb3 g5 13. Nf5 Bxf5 14. exf5 Bb4 15. h3 Ke7 16. O-O-O Bxc3 17. bxc3 Kf6 18. Rde1 Rhe8 19. g3 fxg3 20. Re3 Nd7 21. Rxg3 Re2 22. h4 Rae8 23. hxg5+ hxg5 24. Kd1 Rh2 25. Rfg1 Rg8 26. d4 Nb6 27. Kc1 d5 28. Re1 Rgh8 29. Kb2 a5 30. a4 Rh1 31. Re5 Rf1 32. Rge3 Rhh1 33. Ba2 Nc4+ 34. Bxc4 dxc4 35. Rxa5 Ra1 0-1

[Event "4NCL/2001-02/D3/SCS-SWD2"]
[Site "Rd09-Birmingham"]
[Date "2002.05.04"]
[Round "9.4"]
[White "Morris, Charles F"]
[Black "Lutton, E Josiah"]
[Result "1-0"]
[WhiteElo "2253"]
[BlackElo "2086"]
[PlyCount "43"]
[EventDate "2002.05.04"]
[EventType "team-match"]
[EventCountry "ENG"]
[SourceTitle "BritBase"]
[Source "John Saunders"]
[SourceDate "2024.10.24"]
[SourceVersion "1"]
[SourceVersionDate "2024.10.24"]
[SourceQuality "1"]
[WhiteTeam "South Wales Dragons 2"]
[BlackTeam "Southern Counties Stars"]
[WhiteTeamCountry "WLS"]
[BlackTeamCountry "ENG"]

1. Nf3 e6 2. g3 b5 3. d4 Bb7 4. Qd3 a6 5. e4 Nf6 6. Nbd2 c5 7. Bg2 cxd4 8. O-O Nc6 9. Nxd4 Ne5 10. Qe2 Qb6 11. c3 Be7 12. f4 Nc6 13. N2b3 e5 14. fxe5 Nxe5 15. Kh1 O-O 16. Nf5 Bc5 17. Bg5 Rfe8 18. Nxg7 Kxg7 19. Bxf6+ Kg8 20. Nxc5 Qxc5 21. Qh5 Rac8 22. Rf5 1-0

[Event "4NCL/2001-02/D3/SCS-SWD2"]
[Site "Rd09-Birmingham"]
[Date "2002.05.04"]
[Round "9.5"]
[White "Partington, Anna"]
[Black "May, Frank WLS"]
[Result "1/2-1/2"]
[WhiteElo "2047"]
[BlackElo "2151"]
[PlyCount "69"]
[EventDate "2002.05.04"]
[EventType "team-match"]
[EventCountry "ENG"]
[SourceTitle "BritBase"]
[Source "John Saunders"]
[SourceDate "2024.10.24"]
[SourceVersion "1"]
[SourceVersionDate "2024.10.24"]
[SourceQuality "1"]
[WhiteTeam "Southern Counties Stars"]
[BlackTeam "South Wales Dragons 2"]
[WhiteTeamCountry "ENG"]
[BlackTeamCountry "WLS"]

1. d4 d6 2. e4 Nf6 3. Nc3 Nbd7 4. g4 e5 5. g5 Ng8 6. Bc4 c6 7. a4 g6 8. Nf3 Bg7 9. h4 Qe7 10. Be3 Nb6 11. Bb3 Bg4 12. d5 Nc8 13. a5 a6 14. Ba4 Bd7 15. Qd3 c5 16. Nd2 Qd8 17. Nc4 Nge7 18. Bxd7+ Qxd7 19. Na4 Qc7 20. Nab6 Nxb6 21. Nxb6 Rd8 22. Ra3 f5 23. Rc3 Qb8 24. Rh3 h5 25. Rf3 O-O 26. Bd2 Rf7 {=} 27. Qc4 f4 28. b4 cxb4 29. Qxb4 Bf8 30. Rc4 Nc8 31. Rfc3 Nxb6 32. Qxb6 Rfd7 33. Rc7 Be7 34. f3 Kf8 35. R3c4 1/2-1/2

[Event "4NCL/2001-02/D3/SCS-SWD2"]
[Site "Rd09-Birmingham"]
[Date "2002.05.04"]
[Round "9.6"]
[White "Roberts, David L"]
[Black "Heaton, Robert"]
[Result "1-0"]
[WhiteElo "2120"]
[BlackElo "1704"]
[PlyCount "57"]
[EventDate "2002.05.04"]
[EventType "team-match"]
[EventCountry "ENG"]
[SourceTitle "BritBase"]
[Source "John Saunders"]
[SourceDate "2024.10.24"]
[SourceVersion "1"]
[SourceVersionDate "2024.10.24"]
[SourceQuality "1"]
[WhiteTeam "South Wales Dragons 2"]
[BlackTeam "Southern Counties Stars"]
[WhiteTeamCountry "WLS"]
[BlackTeamCountry "ENG"]

1. e4 c6 2. d4 d5 3. f3 e6 4. Nc3 Bb4 5. Nge2 Nf6 6. a3 Be7 7. Bf4 b6 8. Qd2 Bb7 9. Ng3 O-O 10. O-O-O Nbd7 11. Kb1 Rc8 12. e5 Ne8 13. h4 c5 14. h5 a6 15. Nge2 Nc7 16. g4 Nb5 17. Nxb5 axb5 18. g5 g6 19. Ng3 Re8 20. Bxb5 Bc6 21. Bd3 c4 22. hxg6 fxg6 23. Qh2 Nf8 24. Bxg6 hxg6 25. Qh8+ Kf7 26. Rh7+ Nxh7 27. Qxh7+ Kf8 28. Nh5 Bf6 29. gxf6 1-0

[Event "4NCL/2001-02/D3/SCS-SWD2"]
[Site "Rd09-Birmingham"]
[Date "2002.05.04"]
[Round "9.7"]
[White "Lutton, J Arnold"]
[Black "Brown, Alan M"]
[Result "0-1"]
[WhiteElo "1672"]
[BlackElo "1912"]
[PlyCount "102"]
[EventDate "2002.05.04"]
[EventType "team-match"]
[EventCountry "ENG"]
[SourceTitle "BritBase"]
[Source "John Saunders"]
[SourceDate "2024.10.24"]
[SourceVersion "1"]
[SourceVersionDate "2024.10.24"]
[SourceQuality "1"]
[WhiteTeam "Southern Counties Stars"]
[BlackTeam "South Wales Dragons 2"]
[WhiteTeamCountry "ENG"]
[BlackTeamCountry "WLS"]

1. e4 e6 2. d4 d5 3. e5 c5 4. Nf3 Nc6 5. Bd3 Bd7 6. Bf4 Qb6 7. Nbd2 c4 8. Be2 Nxd4 9. Be3 Nxf3+ 10. Nxf3 Qc7 11. Bd4 Ne7 12. O-O Nc6 13. Re1 Be7 14. c3 O-O 15. Qd2 b5 16. Bd1 b4 17. Bc2 Rab8 18. cxb4 Nxd4 19. Qxd4 Rxb4 20. Re3 g6 21. Rae1 Qb6 22. Qxb6 Rxb6 23. b3 Bc5 24. R3e2 Bb5 25. b4 Bxb4 26. Rb1 Bc5 27. Rd2 Rfb8 28. h3 c3 29. Rdd1 Be2 30. Rxb6 Rxb6 31. Rb1 Kf8 32. Ne1 Ke7 33. Nd3 Rxb1+ 34. Bxb1 Bxd3 35. Bxd3 Bd4 36. Kf1 Bxe5 37. Ke2 Kd6 38. Kd1 Kc5 39. a3 Bd6 40. Kc2 Kd4 41. a4 a5 42. Bb5 e5 43. Be2 e4 44. Bb5 Bb4 45. Be2 Ke5 46. f3 f5 47. Kc1 d4 48. fxe4 fxe4 49. Kd1 d3 50. Bf1 c2+ 51. Kc1 Ba3+ 0-1

[Event "4NCL/2001-02/D3/SCS-SWD2"]
[Site "Rd09-Birmingham"]
[Date "2002.05.04"]
[Round "9.8"]
[White "Wilson, Julie C"]
[Black "Miller, Naomi"]
[Result "1/2-1/2"]
[WhiteElo "1648"]
[BlackElo "1368"]
[PlyCount "43"]
[EventDate "2002.05.04"]
[EventType "team-match"]
[EventCountry "ENG"]
[SourceTitle "BritBase"]
[Source "John Saunders"]
[SourceDate "2024.10.24"]
[SourceVersion "1"]
[SourceVersionDate "2024.10.24"]
[SourceQuality "1"]
[WhiteTeam "South Wales Dragons 2"]
[BlackTeam "Southern Counties Stars"]
[WhiteTeamCountry "WLS"]
[BlackTeamCountry "ENG"]

1. d4 Nf6 2. c4 g6 3. Nc3 Bg7 4. e4 d6 5. Bd3 O-O 6. Nge2 Nbd7 7. b3 c5 8. d5 e6 9. O-O exd5 10. cxd5 a6 11. Bd2 b5 12. a3 Re8 13. Ng3 Nb6 14. Bc2 Ra7 15. Ra2 c4 16. b4 Rae7 17. Qc1 Nbd7 18. Bg5 Qb6 19. Be3 Qb7 20. h3 Ng4 21. Bd2 Ngf6 22. Bb1 1/2-1/2

[Event "4NCL/2001-02/D3/AFC-WR2"]
[Site "Rd10-Birmingham"]
[Date "2002.05.05"]
[Round "10.1"]
[White "Toothill, John"]
[Black "Gourlay, Iain"]
[Result "0-1"]
[WhiteElo "2193"]
[BlackElo "2193"]
[PlyCount "60"]
[EventDate "2002.05.05"]
[EventCountry "ENG"]
[SourceTitle "BritBase"]
[Source "John Saunders"]
[SourceDate "2024.10.24"]
[SourceVersion "1"]
[SourceVersionDate "2024.10.24"]
[SourceQuality "1"]
[WhiteTeam "All Four Corners"]
[BlackTeam "White Rose 2"]
[WhiteTeamCountry "ENG"]
[BlackTeamCountry "ENG"]

1. e4 c5 2. Nf3 e6 3. Nc3 Nc6 4. Bb5 Nge7 5. O-O a6 6. Bxc6 Nxc6 7. d4 cxd4 8. Nxd4 d6 9. Be3 Bd7 10. f4 Be7 11. Qe2 O-O 12. Rad1 Qc7 13. Kh1 b5 14. a3 Rab8 15. Rf3 b4 16. axb4 Rxb4 17. Rh3 g6 18. Nxc6 Bxc6 19. Bd4 e5 20. fxe5 dxe5 21. Qe3 f5 22. Bc5 Rxb2 23. Bxe7 Qxe7 24. exf5 Rxf5 25. Qd3 Qf7 26. Kg1 Rf2 27. Ne4 Rfxc2 28. Qd8+ Kg7 29. Nd2 Qd7 30. Qh4 Kg8 0-1

[Event "4NCL/2001-02/D3/AFC-WR2"]
[Site "Rd10-Birmingham"]
[Date "2002.05.05"]
[Round "10.2"]
[White "Van Kemenade, Rudy"]
[Black "Khoo, Teresa"]
[Result "1-0"]
[WhiteElo "2124"]
[BlackElo "2136"]
[PlyCount "89"]
[EventDate "2002.05.05"]
[EventCountry "ENG"]
[SourceTitle "BritBase"]
[Source "John Saunders"]
[SourceDate "2024.10.24"]
[SourceVersion "1"]
[SourceVersionDate "2024.10.24"]
[SourceQuality "1"]
[WhiteTeam "White Rose 2"]
[BlackTeam "All Four Corners"]
[WhiteTeamCountry "ENG"]
[BlackTeamCountry "ENG"]

1. e4 c5 2. Nf3 Nc6 3. Bb5 e6 4. O-O Nge7 5. Re1 a6 6. Bf1 d5 7. e5 Qc7 8. c3 Ng6 9. d4 Be7 10. g3 O-O 11. h4 h6 12. h5 Nh8 13. Bf4 Bd7 14. Bh3 Qb6 15. Qd2 Rac8 16. Kh2 Na5 17. b3 cxd4 18. Nxd4 Nc6 19. Nf3 Rfd8 20. Rg1 Be8 21. g4 d4 22. c4 Qa5 23. Qxa5 Nxa5 24. Nbd2 Bc6 25. g5 hxg5 26. Bxg5 Bxg5 27. Nxg5 b5 28. h6 g6 29. cxb5 Bxb5 30. Rac1 Kf8 31. Nde4 Nb7 32. Bxe6 fxe6 33. Nxe6+ Ke7 34. Nxd8 Rxd8 35. Rc7+ Rd7 36. Rxd7+ Kxd7 37. Rd1 Ke6 38. f4 d3 39. a4 Bc6 40. Ng5+ Kf5 41. e6 Nc5 42. Nf7 Nxe6 43. Nxh8 Kf6 44. Rxd3 Be8 45. Rd6 1-0

[Event "4NCL/2001-02/D3/AFC-WR2"]
[Site "Rd10-Birmingham"]
[Date "2002.05.05"]
[Round "10.3"]
[White "Kitson, Peter R"]
[Black "Keeling, Geoffrey"]
[Result "1-0"]
[WhiteElo "2008"]
[BlackElo "2043"]
[PlyCount "67"]
[EventDate "2002.05.05"]
[EventCountry "ENG"]
[SourceTitle "BritBase"]
[Source "John Saunders"]
[SourceDate "2024.10.24"]
[SourceVersion "1"]
[SourceVersionDate "2024.10.24"]
[SourceQuality "1"]
[WhiteTeam "All Four Corners"]
[BlackTeam "White Rose 2"]
[WhiteTeamCountry "ENG"]
[BlackTeamCountry "ENG"]

1. e4 e5 2. f4 exf4 3. Nf3 Be7 4. Nc3 Bh4+ 5. Ke2 d6 6. d4 Bg4 7. Bxf4 Nc6 8. Qd3 Qd7 9. Kd2 Bf6 10. Be3 O-O-O 11. h3 Bh5 12. g4 Bg6 13. g5 Be7 14. h4 Bh5 15. Bh3 Bg4 16. Bxg4 Qxg4 17. Raf1 f6 18. Nd5 h6 19. Rhg1 Qd7 20. gxh6 Nxh6 21. Rxg7 Ng4 22. Rg1 Nxe3 23. Qxe3 Qe8 24. Nxe7+ Nxe7 25. d5 Kb8 26. Qf4 f5 27. Qg5 Rd7 28. exf5 Nxd5 29. Rxd7 Qxd7 30. f6 c6 31. c4 Nc7 32. Qg7 Qd8 33. f7 Ne6 34. Qxh8 1-0

[Event "4NCL/2001-02/D3/AFC-WR2"]
[Site "Rd10-Birmingham"]
[Date "2002.05.05"]
[Round "10.4"]
[White "Lim Chin Lee"]
[Black "Phillips, David"]
[Result "0-1"]
[WhiteElo "2050"]
[BlackElo "1984"]
[PlyCount "92"]
[EventDate "2002.05.05"]
[EventCountry "ENG"]
[SourceTitle "BritBase"]
[Source "John Saunders"]
[SourceDate "2024.10.24"]
[SourceVersion "1"]
[SourceVersionDate "2024.10.24"]
[SourceQuality "1"]
[WhiteTeam "White Rose 2"]
[BlackTeam "All Four Corners"]
[WhiteTeamCountry "ENG"]
[BlackTeamCountry "ENG"]

1. d4 Nf6 2. Nf3 g6 3. Nc3 d6 4. e4 Bg7 5. Bg5 Nc6 6. Be2 Bg4 7. d5 Ne5 8. Nxe5 Bxe2 9. Qxe2 dxe5 10. h4 Qd7 11. f3 Nh5 12. Qd2 e6 13. g4 Nf4 14. Bxf4 exf4 15. Qxf4 Bxc3+ 16. bxc3 O-O-O 17. Qe3 Qa4 18. dxe6 fxe6 19. Rh2 h5 20. gxh5 Rxh5 21. Qf4 Qc4 22. Qf6 Qc5 23. Qxe6+ Kb8 24. Kf1 Qxc3 25. Re1 Qxf3+ 26. Rf2 Qh1+ 27. Ke2 Qxh4 28. Rd1 Rhh8 29. Rxd8+ Rxd8 30. Qxg6 Qh1 31. Qf5 Qc1 32. Kf3 Qa3+ 33. Kg2 Rg8+ 34. Kf1 Qc1+ 35. Ke2 Qxc2+ 36. Ke3 Qc3+ 37. Ke2 Qb2+ 38. Kf3 Qa3+ 39. Ke2 Qxa2+ 40. Ke3 Qa3+ 41. Ke2 Qb2+ 42. Ke3 Qc3+ 43. Ke2 a5 44. Qd5 Rg3 45. Qd2 Qc4+ 46. Ke1 Rg1+ 0-1

[Event "4NCL/2001-02/D3/AFC-WR2"]
[Site "Rd10-Birmingham"]
[Date "2002.05.05"]
[Round "10.5"]
[White "Hardman, Michael J"]
[Black "White, Mark W"]
[Result "1/2-1/2"]
[WhiteElo "1960"]
[BlackElo "2108"]
[PlyCount "82"]
[EventDate "2002.05.05"]
[EventCountry "ENG"]
[SourceTitle "BritBase"]
[Source "John Saunders"]
[SourceDate "2024.10.24"]
[SourceVersion "1"]
[SourceVersionDate "2024.10.24"]
[SourceQuality "1"]
[WhiteTeam "All Four Corners"]
[BlackTeam "White Rose 2"]
[WhiteTeamCountry "ENG"]
[BlackTeamCountry "ENG"]

1. d4 Nf6 2. Nf3 e6 3. g3 c5 4. Bg2 Nc6 5. O-O Be7 6. c4 cxd4 7. Nxd4 O-O 8. Nc3 a6 9. b3 Qa5 10. Bb2 Rd8 11. e3 d5 12. cxd5 exd5 13. Nxc6 bxc6 14. Na4 Bf5 15. Rc1 Rac8 16. Qe2 Ne4 17. Rfd1 Rd6 18. Be5 {=} Rg6 19. f3 Nc5 20. Nxc5 Bxc5 21. Bd4 Ba3 22. Bb2 Bxb2 23. Qxb2 Re8 24. b4 Qa4 25. e4 dxe4 26. fxe4 Be6 27. a3 Qb5 28. Rc5 Qb6 29. Qd4 h6 30. Rd5 Qxd4+ 31. R5xd4 Bb3 32. Rc1 Ba4 33. Rc5 Rge6 34. Kf2 g6 35. g4 Re5 36. Rxe5 Rxe5 37. Ke3 Bb5 38. h4 Re7 39. Kf4 Kg7 40. g5 hxg5+ 41. hxg5 Ra7 1/2-1/2

[Event "4NCL/2001-02/D3/AFC-WR2"]
[Site "Rd10-Birmingham"]
[Date "2002.05.05"]
[Round "10.6"]
[White "Cumbers, Paul"]
[Black "Hurney, Kevin"]
[Result "1-0"]
[WhiteElo "1952"]
[BlackElo "1864"]
[PlyCount "73"]
[EventDate "2002.05.05"]
[EventCountry "ENG"]
[SourceTitle "BritBase"]
[Source "John Saunders"]
[SourceDate "2024.10.24"]
[SourceVersion "1"]
[SourceVersionDate "2024.10.24"]
[SourceQuality "1"]
[WhiteTeam "White Rose 2"]
[BlackTeam "All Four Corners"]
[WhiteTeamCountry "ENG"]
[BlackTeamCountry "ENG"]

1. e4 d6 2. d4 Nf6 3. Nc3 g6 4. Bg5 Bg7 5. f4 O-O 6. Nf3 c5 7. d5 Re8 8. Bb5 Nxe4 9. Bxe8 Nxc3 10. bxc3 Bxc3+ 11. Kf2 Qxe8 12. Rb1 f6 13. Bh6 Na6 14. Rb3 Ba5 15. c4 b6 16. Re3 b5 17. Qe2 Kf7 18. Nd2 Bxd2 19. Qxd2 bxc4 20. Rhe1 Nb4 21. Rxe7+ Qxe7 22. Rxe7+ Kxe7 23. Qe2+ Kf7 24. Qxc4 Ba6 25. Qb3 Re8 26. Qa4 Re7 27. a3 Nd3+ 28. Kg3 Bc8 29. Qc6 Bd7 30. Qxd6 Re3+ 31. Kh4 g5+ 32. Bxg5 fxg5+ 33. Kxg5 Ke8 34. Kf6 Kd8 35. Qb8+ Bc8 36. d6 Re6+ 37. Kf7 {time} 1-0

[Event "4NCL/2001-02/D3/AFC-WR2"]
[Site "Rd10-Birmingham"]
[Date "2002.05.05"]
[Round "10.7"]
[White "Truscott, Ian"]
[Black "Shaw, Peter"]
[Result "0-1"]
[WhiteElo "1680"]
[BlackElo "1960"]
[PlyCount "50"]
[EventDate "2002.05.05"]
[EventCountry "ENG"]
[SourceTitle "BritBase"]
[Source "John Saunders"]
[SourceDate "2024.10.24"]
[SourceVersion "1"]
[SourceVersionDate "2024.10.24"]
[SourceQuality "1"]
[WhiteTeam "All Four Corners"]
[BlackTeam "White Rose 2"]
[WhiteTeamCountry "ENG"]
[BlackTeamCountry "ENG"]

1. d4 e6 2. Nf3 f5 3. Bg5 Nf6 4. c4 b6 5. g3 Bb7 6. Bg2 Bb4+ 7. Bd2 Bxd2+ 8. Nbxd2 O-O 9. O-O Qe8 10. Qb3 d6 11. Rac1 Nbd7 12. Ne1 Bxg2 13. Nxg2 Kh8 14. Qc2 Qh5 15. Nf4 Qh6 16. Nf3 Ng4 17. h3 e5 18. hxg4 exf4 19. g5 Qh3 20. gxf4 Nf6 21. Nh2 Ng4 22. Nxg4 Qxg4+ 23. Kh1 Qxf4 24. e3 Qh4+ 25. Kg2 Qxg5+ 0-1

[Event "4NCL/2001-02/D3/BRI2-GUI3"]
[Site "Rd10-Birmingham"]
[Date "2002.05.05"]
[Round "10.1"]
[White "Dilleigh, Stephen P"]
[Black "Anderton, Matthew N"]
[Result "0-1"]
[WhiteElo "2173"]
[BlackElo "2207"]
[PlyCount "86"]
[EventDate "2002.05.05"]
[EventCountry "ENG"]
[SourceTitle "BritBase"]
[Source "John Saunders"]
[SourceDate "2024.10.24"]
[SourceVersion "1"]
[SourceVersionDate "2024.10.24"]
[SourceQuality "1"]
[WhiteTeam "Bristol 2"]
[BlackTeam "Guildford-ADC 3"]
[WhiteTeamCountry "ENG"]
[BlackTeamCountry "ENG"]

1. c4 Nf6 2. g3 e5 3. Bg2 c6 4. d4 exd4 5. Qxd4 d5 6. cxd5 cxd5 7. Nf3 Nc6 8. Qa4 Bc5 9. O-O O-O 10. Bg5 h6 11. Bxf6 Qxf6 12. Nc3 Rd8 13. Rad1 Be6 14. Ne1 Bd4 15. Rc1 Rac8 16. Nd3 Bxc3 17. bxc3 b6 18. Rfd1 Na5 19. Nf4 Rc4 20. Qb5 Rc5 21. Qd3 Nc4 22. Qd4 Qxd4 23. Rxd4 Na3 24. e4 Nb5 25. Rd3 d4 26. Nd5 Bxd5 27. exd5 Nxc3 28. Re1 Rc4 29. Re7 Nxa2 30. Rxa7 Rc1+ 31. Bf1 Nb4 32. Rxd4 Nc6 33. Raa4 Nxd4 34. Rxd4 Kf8 35. Kg2 Rc5 36. Bc4 Ke7 37. Bb3 Kd6 38. Rb4 b5 39. h4 Re8 40. h5 Re5 41. g4 f5 42. f3 fxg4 43. fxg4 Re2+ 0-1